000 00856cam a22002771 4500
001 he 68001619
003 DLC
005 20260227111459.0
008 840307s1967 is 000 0 heb
010 _ahe 68001619
035 _a(OCoLC)19157151
040 _aDLC
_cMH
_dCU
_dDLC
042 _apremarc
050 0 0 _aBM522.6
_b.U7 1967
100 1 _aLuria, David,
_d1798-1855.
245 1 0 _aSefer Sheʼelot u-teshuvot Radal.
260 _aTel Aviv :
_bY. D. Land,
_c[1967?]
300 _a[10]-25 p., 21 leaves ;
_c23 cm.
500 _aTitle page includes original imprint: Jerusalem, 1898.
500 _a"Toldot ha-Radal me-et ha-Rav Shemuʼel Lurya": p. [10]-24.
600 1 0 _aLuria, David,
_d1798-1855.
650 0 _aResponsa
_y1800-1948.
700 1 _aLurya, Shemuʼel.
740 0 _aSheʼelot u-teshuvot Radal.
740 0 _aToldot ha-Radal.
999 _c33359
_d33359